Word Ladder: Night's Watch Quiz Stats

 Plays Quiz Updated Sep 9, 2017

Score 0/24 Timer 03:00
2 Plays Today
Clue 4-Letter Word % Correct
What Tyrion isn't, height-wiseTALL
97.1%
Road feeTOLL
96.8%
End of a legFOOT
94.9%
A place to buy itemsSHOP
93.7%
Halt or cease movementSTOP
93.3%
As quick as a snailSLOW
93.3%
Struck with a gun's projectileSHOT
92.3%
Chimney powderSOOT
92.2%
Runny nose outputSNOT
91.6%
Hole for a coinSLOT
91.5%
Material from a treeWOOD
91.3%
Nutritive stuffFOOD
91.3%
Clue 4-Letter Word % Correct
Unit of languageWORD
91%
Part of a staircaseSTEP
90.6%
SpokenTOLD
90.5%
• Jon's nickname given by Alliser Thorne: [7] ___• SNOW •
89.3%
Ooze through materialSEEP
85%
All-terrain vehicleJEEP
84.9%
• Defensive fortification Night's Watch protects • • WALL •
83.6%
• Jon's nickname given by Alliser Thorne: ___ [15] • • LORD •
81.1%
A bundle of laundry to be washedLOAD
78.3%
Shout abuse or tauntJEER
77.9%
• Nickname of Night's Watch member Todder • • TOAD •
76.1%
• 997th Lord Commander ___ Mormont • • JEOR •
40.5%

Today's Daily Dose

Word Ladder
NCT Songs

Get the Picture
Mathematicians

You're not logged in!

Compare scores with friends on all Sporcle quizzes.
OR
Log In

Show Comments

Extras

Top Quizzes Today


Score Distribution

Your Account Isn't Verified!

In order to create a playlist on Sporcle, you need to verify the email address you used during registration. Go to your Sporcle Settings to finish the process.

Report this User

Report this user for behavior that violates our Community Guidelines.

Details: